|
|
|
|
| LEADER |
01905cam a2200517 i 4500 |
| 001 |
nkc20243634135 |
| 003 |
CZ PrNK |
| 005 |
20251125120046.0 |
| 007 |
ta |
| 008 |
240822s2024 xr a b 6 000 1 cze d |
| 015 |
|
|
|a cnb003634135
|
| 020 |
|
|
|q (Brožováno) :
|c Kč 199,00
|
| 035 |
|
|
|a (OCoLC)1559932181
|
| 040 |
|
|
|a CBA001
|b cze
|d OLA001
|d ABA001
|e rda
|
| 041 |
1 |
|
|a cze
|h eng
|
| 072 |
|
7 |
|a 821.111-3
|x Anglická próza, anglicky psaná
|2 Konspekt
|9 25
|
| 072 |
|
7 |
|a 821-93
|x Literatura pro děti a mládež (beletrie)
|2 Konspekt
|9 26
|
| 080 |
|
|
|a 821.111-32
|2 MRF
|
| 080 |
|
|
|a 821-93
|2 MRF
|
| 080 |
|
|
|a (0:82-32)
|2 MRF
|
| 080 |
|
|
|a 741.52(0:82-32)
|2 MRF
|
| 100 |
1 |
|
|a Bradley, Jess,
|d 1980-
|7 xx0300061
|4 aut
|
| 240 |
1 |
0 |
|a Super dweeb and the pencil of destiny.
|l Česky
|
| 245 |
1 |
0 |
|a Superšprt a tužka osudu /
|c Jess Bradleyová ; z anglického originálu Super dweeb - Pencil of destiny ... přeložila Marie Dupalová
|
| 246 |
1 |
|
|i Název v tiráži:
|a Superšprt.
|p Tužka osudu
|
| 250 |
|
|
|a 1. vydání
|
| 264 |
|
1 |
|a V Brně :
|b CPress,
|c 2024
|
| 300 |
|
|
|a 63 stran :
|b barevné ilustrace ;
|c 23 cm
|
| 336 |
|
|
|a text
|b txt
|2 rdacontent
|
| 336 |
|
|
|a statický obraz
|b sti
|2 rdacontent
|
| 337 |
|
|
|a bez média
|b n
|2 rdamedia
|
| 338 |
|
|
|a svazek
|b nc
|2 rdacarrier
|
| 521 |
8 |
|
|a Pro čtenáře od 7 let
|
| 655 |
|
7 |
|a anglické příběhy
|7 fd131813
|2 czenas
|
| 655 |
|
7 |
|a komiksy
|7 fd131978
|2 czenas
|
| 655 |
|
7 |
|a publikace pro děti
|7 fd133156
|2 czenas
|
| 655 |
|
9 |
|a English stories
|2 eczenas
|
| 655 |
|
9 |
|a comics (graphic works)
|2 eczenas
|
| 655 |
|
9 |
|a children's literature
|2 eczenas
|
| 700 |
1 |
|
|a Dupalová, Marie,
|d 1994-
|7 jo20191029605
|4 trl
|
| 910 |
2 |
|
|a BOA001
|b 2-1554.183
|
| 920 |
|
|
|a 1322364
|z CBA001
|
| 928 |
9 |
|
|a Albatros Media - CPress
|
| 990 |
|
|
|a BK
|
| 995 |
|
|
|a 01
|
| 996 |
6 |
|
|b 2611018932
|c 2-1554.183
|l MZK
|r Sklad / do 1 hodiny
|n 0
|p p.v.
|w 002026303
|u 000010
|a 1
|e BOA001
|j MZK50
|s P
|